000 00411nam a2200097Ia 4500
008 180130s9999 xx 000 0 und d
245 _cBaten, Azizul; Kamil, Anton Abdulbasah
_aEvaluating advance efficiency of Bangladeshi online banks using stochastic frontier analysis
260 _c2016
300 _aBook title: Information technology management--Acession number C20746; pages 158-166
650 _aIT MANAGEMENT
999 _c354270
_d354270